| 000 | 00420nam a2200157 a 4500 | ||
|---|---|---|---|
| 005 | 20260312194202.0 | ||
| 008 | 260311s2026##################000#0#eng## | ||
| 020 | _a9780415946360 | ||
| 041 | _aEng | ||
| 082 | 0 | 4 | _a362.292 MAR |
| 100 | _aMarjana Martinic | ||
| 245 | 1 | 0 |
_aReasonable Risk _bAlcohol in Prespective |
| 260 |
_aGreat Britian _bBrunner-Routledge _c2004 |
||
| 300 |
_axii, 184p, _c23.3cm |
||
| 942 | _cENGLISH | ||
| 999 |
_c617538 _d617538 |
||